00665nam a2200205 a 4500001001000000005001700010008004100027041000800068044000700076050002000083100001700103245010100120260003300221300007300254500003300327500002300360500001000383650002600393650004000419BRCA_836420190320210241.0290714s1920----au-a###f##---#001-0#ger-# ager aau 4aNE480b.S7 19201 aStix, Alfred10aMeisterwerke der Graphicbim XVXVII. jahrhundertcherausgegeben und eingeleitet von Alfred Stix. aVienabArtur Wolfc1920-1921 a1 v. (sin paginación)bil. (algunas a color), 52 láminasc50 cm. aEjemplar numerado 131 de 350 aVer también R100 aR100a14aGrabadosxSiglo XVIII14aArte gráficoxSiglo XVIIIzEuropa